LEADER 01697nam a2200385 u 4500 001 000000017869 003 CaOOAMICUS 005 20070226110617.0 008 950306s1976 it u000 u ita u 035 $a10416115 040 $aPUL(R)$bita 041 1 $aita$alat 100 1 $aAbaelardus, Petrus,$d1079-1142.$0(OLS)http://pul/name/7147 240 10$aEthica$9(Abaelardus, Petrus, 1079-1142).$lItaliano e latino.$0(OLS)http://pul/title/25556 245 10$aConosci te stesso o Etica /$cPietro Abelardo ; introduzione, traduzione e note di Mario Dal Pra ; in appendice testo latino nell'edizione critica di D. E. Luscombe. 246 13$aScito te ipsum 250 $aNuova ed. interamente rielaborata. 260 $aFirenze :$bLa Nuova Italia,$c1976. 300 $alvii, 179 p. ;$c22 cm 490 1 $aClassici della filosofia ;$v11 500 $a"Indice dei nomi" : p. [177]-179. 500 $aAltro titolo latino noto. 504 $aBibliografia in nota. 700 1 $aDal Pra, Mario,$d1914-1992.$0(OLS)http://pul/name/5569 830 0$aClassici della filosofia (La Nuova Italia) ;$v11.$0(OLS)http://pul/title/17768 850 $aPUL 852 $aPUL$W1$xSL Religione 1$y3$m80 C 43$j25165$nBK-PRI$b $qStampati$B25165$CPULBib$Z2$F25165 $H $81 900 $aPietro Abelardo,$d1079-1142$97147 900 $aAbelardo, Pietro,$d1079-1142$97147 900 $aPetrus Palatinus,$d1079-1142$97147 941 1 $a8 961 $aINV: 53811 996 $6245$aConosci te stesso o Etica$9(OLS)http://pul/title/25557 996 $6246$aScito te ipsum$9(OLS)http://pul/title/25558 996 $6260$aFirenze :$bLa Nuova Italia$9(OLS)http://pul/publisher/48361 LEADER 01208nam a2200265 a 4500 001 000000170583 003 CaOOAMICUS 005 20181119102846.0 008 181119s1981 it 000 u ita r 032 $aLibriCat 040 $aPul$bita 100 1 $aDi Giovanni, Alberto.$0(OLS)http://pul/name/1850 245 13$aUn grande italiano per la Rerum novarum: Luigi Sturzo / $cA. Di Giovanni, E. Guccione, A. Palazzo . 260 $aPalermo :$bLibero seminario sturziano,$cİ1981. 300 $a62 p. ; $c22 cm. 600 14$aSturzo, Luigi,$csac.,$d1871-1959$xPensiero politico e sociale.$0(OLS)http://pul/subject/5647 600 04$aLeo PP.$bXIII,$d1810-1903$xPensiero politico e sociale.$0(OLS)http://pul/subject/2327 700 1 $aPalazzo, Antonio,$d1937-$0(OLS)http://pul/name/50560 700 1 $aGuccione, Eugenio.$0(OLS)http://pul/name/11975 850 $aPUL 852 $aPUL$W1$xDP1 Fondo De Girolamo$y124$m1 E 25$j151958$qFondi$B198921$CPULBib$Z2$F198921 $81 941 1 $a1 996 $6245$aUn grande italiano per la Rerum novarum: Luigi Sturzo / $9(OLS)http://pul/title/211379 996 $6260$aPalermo :$bLibero seminario sturziano$9(OLS)http://pul/publisher/87010